[Event "Athens op 06"]
[Site "Athens"]
[Date "2012.06.30"]
[Round "6"]
[White "Megaloudis, Petros"]
[Black "Michailidis, Dimitrios"]
[Result "0-1"]
[WhiteElo "1668"]
[BlackElo "1747"]
[PlyCount "169"]
[EventDate "2012.06.02"]
[EventType "swiss"]
[EventRounds "7"]
[EventCountry "GRE"]
[SourceTitle "EXT 2014"]
[Source "ChessBase"]
[SourceDate "2013.11.20"]
[SourceVersion "1"]
[SourceVersionDate "2013.11.20"]
[SourceQuality "1"]

1. e4 c5 2. Nc3 d6 3. d4 cxd4 4. Qxd4 Nc6 5. Bb5 Bd7 6. Bxc6 Bxc6 7. Be3 e5 8. Qd3 Nf6 9. f3 Be7 10. Nge2 0-0 11. 0-0 Qc7 12. Nd5 Nxd5 13. exd5 Bd7 14. c4 b6 15. b3 f5 16. Rac1 f4 17. Bf2 Bf5 18. Qd2 Qd8 19. Nc3 Bg5 20. Rfe1 Bh4 21. Ne4 Bxe4 22. Rxe4 Rf5 23. Bxh4 Qxh4 24. Qf2 Qh6 25. Rc2 Rh5 26. h3 Rg5 27. Kf1 Rf8 28. Ree2 Rf6 29. Ke1 Rfg6 30. Qf1 Rg3 31. Kd1 Qg5 32. b4 Qf5 33. Re4 Qg5 34. Ree2 Qd8 35. Kc1 Qd7 36. b5 Qc7 37. Rf2 Rf6 38. Qd3 Qc5 39. Rce2 Rf7 40. Kb2 Rg6 41. Rc2 Rgf6 42. Qa3 Qc8 43. Rfe2 Rc7 44. Re4 Kf7 45. Qb4 Rc5 46. a4 Qc7 47. Kb3 Qb7 48. Ra2 a5 49. bxa6 Qxa6 50. Rb2 g5 51. Kc3 Kg6 52. Qa3 Qa5+ 53. Qb4 Qa6 54. Kc2 h5 55. Kb1 Ra5 56. Qxb6 Rxa4 57. Qxa6 Rxa6 58. Rb8 Rf7 59. c5 dxc5 60. Rxe5 Kf6 61. Ree8 Rd6 62. Re6+ Rxe6 63. dxe6 Kxe6 64. Rd8 Rd7 65. Re8+ Re7 66. Rd8 Kf6 67. Rf8+ Kg7 68. Rf5 Re1+ 69. Kc2 Re2+ 70. Kd3 Rxg2 71. h4 Kg6 72. Rxc5 gxh4 73. Ke4 h3 74. Kxf4 h2 75. Rc6+ Kg7 76. Kf5 h1Q 77. Rc7+ Kh8 78. Rc8+ Rg8 79. Rxg8+ Kxg8 80. f4 h4 81. Kf6 h3 82. f5 h2 83. Ke6 Kf8 84. Kf6 Qc6+ 85. Kg5 0-1

[Event "Athens op 01-B"]
[Site "Athens"]
[Date "2012.01.18"]
[Round "4"]
[White "Megaloudis, Petros"]
[Black "Papadimitriou, Loukas"]
[Result "1/2-1/2"]
[WhiteElo "1690"]
[BlackElo "2124"]
[PlyCount "100"]
[EventDate "2012.01.07"]
[EventType "swiss"]
[EventRounds "7"]
[EventCountry "GRE"]
[SourceTitle "EXT 2014"]
[Source "ChessBase"]
[SourceDate "2013.11.20"]
[SourceVersion "1"]
[SourceVersionDate "2013.11.20"]
[SourceQuality "1"]

1. e4 e5 2. Nc3 Nf6 3. Nf3 Nc6 4. Bb5 Bb4 5. Bxc6 dxc6 6. Qe2 0-0 7. h3 Re8 8. 0-0 a5 9. d3 h6 10. Nd1 Bf8 11. Ne3 g6 12. Nc4 Nd7 13. Nh2 Bg7 14. f4 b5 15. Nxe5 Nxe5 16. fxe5 Qd4+ 17. Kh1 Rxe5 18. Nf3 Qd8 19. Nxe5 Bxe5 20. Qf3 Be6 21. c3 Kh7 22. d4 Bg7 23. a3 Qd7 24. Be3 Re8 25. Rad1 f5 26. exf5 Bxf5 27. Bc1 Be4 28. Qg3 Qd5 29. Kg1 Re7 30. Rf2 c5 31. Bf4 cxd4 32. cxd4 Bxd4 33. Rxd4 Qxd4 34. Bxc7 Qd1+ 35. Kh2 a4 36. Ba5 Qd3 37. Qb8 Rd7 38. Bc3 Qd6+ 39. Qxd6 Rxd6 40. Rf8 g5 41. Re8 Bc6 42. Re7+ Kg8 43. Rg7+ Kf8 44. Rh7 Ke8 45. Rh8+ Kd7 46. Rh7+ Ke8 47. Rh8+ Kf7 48. Rh7+ Ke8 49. Rh8+ Kf7 50. Rh7+ Ke8 1/2-1/2

[Event "Ambelokipi op 120th"]
[Site "Athens"]
[Date "2011.12.03"]
[Round "1"]
[White "Ilandzis, Spyridon"]
[Black "Megaloudis, Petros"]
[Result "1-0"]
[WhiteElo "2124"]
[BlackElo "1670"]
[PlyCount "29"]
[EventDate "2011.12.03"]
[EventType "swiss"]
[EventRounds "7"]
[EventCountry "GRE"]
[SourceTitle "EXT 2024"]
[Source "ChessBase"]
[SourceDate "2023.10.10"]
[SourceVersion "1"]
[SourceVersionDate "2023.10.10"]
[SourceQuality "1"]

1. d4 d5 2. c4 e6 3. Nc3 c6 4. e4 dxe4 5. Nxe4 Bb4+ 6. Bd2 Qxd4 7. Bxb4 Qxe4+ 8. Be2 b6 9. Qd6 c5 10. 0-0-0 Nc6 11. Bc3 Nge7 12. Bf3 Qxc4 13. Bxc6+ Nxc6 14. Qxc6+ Ke7 15. Qd6+ 1-0

[Event "Athens op 09"]
[Site "Athens"]
[Date "2011.09.10"]
[Round "1"]
[White "Megaloudis, Petros"]
[Black "Azis Azizis, Ektoras"]
[Result "0-1"]
[WhiteElo "1666"]
[BlackElo "2230"]
[PlyCount "92"]
[EventDate "2011.09.10"]
[EventType "swiss"]
[EventRounds "7"]
[EventCountry "GRE"]
[SourceTitle "CBM 144 Extra"]
[Source "ChessBase"]
[SourceDate "2011.10.28"]
[SourceVersion "1"]
[SourceVersionDate "2011.10.28"]
[SourceQuality "1"]

1. e4 c5 2. Nc3 a6 3. a4 g6 4. b3 Bg7 5. Bb2 Nc6 6. Nf3 d6 7. h3 e6 8. Qc1 Ne5 9. Nxe5 Bxe5 10. g3 g5 11. Ne2 Bxb2 12. Qxb2 e5 13. d3 Ne7 14. c4 h5 15. Bg2 Nc6 16. Qd2 Qa5 17. Qxa5 Nxa5 18. Ra3 Be6 19. 0-0 0-0-0 20. f3 f5 21. Nc3 Rdf8 22. Nd5 Nc6 23. Ra2 h4 24. g4 fxg4 25. fxg4 Rxf1+ 26. Bxf1 Bxd5 27. cxd5 Nd4 28. Rb2 Rf8 29. b4 cxb4 30. Rxb4 b5 31. axb5 axb5 32. Rb2 Kb7 33. Bg2 Kb6 34. Rb1 Ka5 35. Rc1 Kb4 36. Rc7 Ne2+ 37. Kh1 Rf2 38. Rc6 Nf4 39. Rxd6 Rxg2 40. Re6 Nxe6 41. Kxg2 Nf4+ 42. Kf3 Kc5 43. Ke3 Nxh3 44. d6 Kxd6 45. d4 Nf4 46. d5 b4 0-1

[Event "Ambelokipi op 091th"]
[Site "Athens"]
[Date "2008.11.12"]
[Round "2"]
[White "Kosmas Lekkas, Dimitrios"]
[Black "Megaloudis, Petros"]
[Result "1-0"]
[WhiteElo "2094"]
[BlackElo "1840"]
[PlyCount "79"]
[EventDate "2008.11.08"]
[EventType "swiss"]
[EventCountry "GRE"]
[SourceTitle "EXT 2024"]
[Source "ChessBase"]
[SourceDate "2023.10.10"]
[SourceVersion "1"]
[SourceVersionDate "2023.10.10"]
[SourceQuality "1"]

1. d4 d5 2. c4 e6 3. Nc3 c6 4. cxd5 exd5 5. Nf3 Nf6 6. Bg5 Be7 7. Qc2 g6 8. e3 Bf5 9. Bd3 Bxd3 10. Qxd3 0-0 11. 0-0-0 Nbd7 12. h4 Ng4 13. Qc2 h5 14. Kb1 Kg7 15. Rhe1 f5 16. Bf4 Re8 17. Ng5 Bb4 18. f3 Ngf6 19. Rg1 Bxc3 20. Qxc3 Rc8 21. Qd3 c5 22. Rde1 Qb6 23. g4 hxg4 24. h5 c4 25. Qc2 gxf3 26. Nxf3 Ng4 27. hxg6 c3 28. b3 Qe6 29. Nh4 Kf6 30. e4 dxe4 31. Ref1 Kg7 32. Be5+ Ndxe5 33. Nxf5+ Kg8 34. dxe5 Nxe5 35. Nh6+ Kg7 36. Qxe4 c2+ 37. Kc1 Rc7 38. Rf7+ Rxf7 39. gxf7+ Kf6 40. Qh4# 1-0

[Event "Ambelokipi op 88th"]
[Site "Athens"]
[Date "2008.06.07"]
[Round "4"]
[White "Megaloudis, Petros"]
[Black "Kakadelis, Stratos"]
[Result "0-1"]
[WhiteElo "1803"]
[BlackElo "2129"]
[PlyCount "141"]
[EventDate "2008.06.02"]
[EventType "swiss"]
[EventRounds "7"]
[EventCountry "GRE"]
[SourceTitle "EXT 2010"]
[Source "ChessBase"]
[SourceDate "2010.11.25"]
[SourceVersion "1"]
[SourceVersionDate "2010.11.25"]
[SourceQuality "1"]

1. d4 e6 2. e4 c5 3. d5 exd5 4. exd5 Bd6 5. c4 Nf6 6. Bd3 0-0 7. Nh3 Re8+ 8. Be3 Qc7 9. g3 Be5 10. Qc2 Na6 11. a3 d6 12. Ng5 h6 13. Nxf7 Kxf7 14. Bg6+ Kf8 15. Bxe8 Kxe8 16. Nc3 Qd7 17. 0-0-0 Qf5 18. Qxf5 Bxf5 19. f4 Bxc3 20. bxc3 Nc7 21. a4 b6 22. Rde1 Kf7 23. Kb2 a6 24. h3 h5 25. Rh2 Rb8 26. Ka3 b5 27. Rb2 Bd3 28. cxb5 axb5 29. Bd2 Nfxd5 30. g4 Ra8 31. Ra2 hxg4 32. hxg4 Nb6 33. Kb2 Nxa4+ 34. Kc1 c4 35. f5 Na6 36. Re6 Rh8 37. Rxa4 bxa4 38. Bg5 Nc5 39. Re7+ Kf8 40. Ra7 Rh1+ 41. Kb2 a3+ 42. Ka2 Nb3 43. Ra8+ Kf7 44. Ra7+ Kg8 45. Rxg7+ Kxg7 46. Kxa3 Na1 47. Be7 Nc2+ 48. Ka4 d5 49. f6+ Kf7 50. g5 Bg6 51. Kb5 Ne3 52. Bc5 Nf5 53. Bb4 Ke6 54. Kc6 Be8+ 55. Kc7 Rh7+ 56. Kb6 Nd6 57. Bc5 Nc8+ 58. Ka6 Bc6 59. Bd4 Rh1 60. Ka5 Ra1+ 61. Kb4 Ra4+ 62. Kc5 Be8 63. Be3 Nd6 64. Kb6 Ne4 65. Bd4 Kd6 66. g6 Bxg6 67. Kb7 Nc5+ 68. Bxc5+ Kxc5 69. f7 Bxf7 70. Kc7 Ra7+ 71. Kd8 0-1

[Event "Ambelokipi op 88th"]
[Site "Athens"]
[Date "2008.06.06"]
[Round "3"]
[White "Markopoulos, Theodoros"]
[Black "Megaloudis, Petros"]
[Result "1/2-1/2"]
[WhiteElo "1944"]
[BlackElo "1803"]
[PlyCount "66"]
[EventDate "2008.06.02"]
[EventType "swiss"]
[EventRounds "7"]
[EventCountry "GRE"]
[SourceTitle "EXT 2010"]
[Source "ChessBase"]
[SourceDate "2010.11.25"]
[SourceVersion "1"]
[SourceVersionDate "2010.11.25"]
[SourceQuality "1"]

1. d4 c6 2. c4 e6 3. Nc3 Bb4 4. Qc2 d5 5. e3 Nf6 6. Nf3 Ne4 7. Bd3 f5 8. a3 Bd6 9. b3 Nd7 10. Bb2 Ndf6 11. 0-0-0 Bd7 12. h3 b6 13. Ne5 Qe7 14. f3 Ng3 15. Rhe1 Bxa3 16. e4 Bxb2+ 17. Kxb2 0-0 18. exf5 Qd6 19. fxe6 Bxe6 20. Qf2 Nfh5 21. Ne2 Nxe2 22. Bxe2 Nf4 23. Bf1 Rae8 24. g3 Nh5 25. Qe3 Nxg3 26. Bd3 dxc4 27. Nxc4 Qf4 28. Qxf4 Rxf4 29. Nd6 Re7 30. Bc4 Rf6 31. Nc8 Re8 32. Nd6 Re7 33. Nc8 Re8 1/2-1/2

[Event "Ambelokipi op 87th"]
[Site "Athens"]
[Date "2008.05.14"]
[Round "2"]
[White "Nikomanis, Andreas"]
[Black "Megaloudis, Petros"]
[Result "0-1"]
[WhiteElo "2019"]
[BlackElo "1803"]
[PlyCount "128"]
[EventDate "2008.05.10"]
[EventType "swiss"]
[EventRounds "7"]
[EventCountry "GRE"]
[SourceTitle "EXT 2010"]
[Source "ChessBase"]
[SourceDate "2010.11.25"]
[SourceVersion "1"]
[SourceVersionDate "2010.11.25"]
[SourceQuality "1"]

1. e4 c5 2. Nf3 Nc6 3. d4 cxd4 4. Nxd4 Qb6 5. Nb3 e5 6. Be3 Qd8 7. Bc4 Nf6 8. 0-0 Na5 9. Bd5 Nxd5 10. Qxd5 Nc6 11. f4 d6 12. f5 Be7 13. Nc3 Bd7 14. Rad1 a6 15. Qd2 Na5 16. Nxa5 Qxa5 17. Nd5 Bd8 18. Qf2 Bb5 19. Rfe1 Rc8 20. b3 Bc6 21. a4 Bxd5 22. Rxd5 Qb4 23. Bd2 Qa3 24. Qg3 0-0 25. c4 f6 26. Qc3 Bb6+ 27. Kh1 Bd4 28. Qc2 Rc6 29. Rb1 Rfc8 30. Bc3 Bxc3 31. Qxc3 Rxc4 32. Qe1 Rc2 33. Rd2 Rc1 34. Rd1 Rxb1 35. Rxb1 Rc2 36. Qd1 Qc5 37. h3 h6 38. b4 Qc6 39. Qh5 b5 40. axb5 Qxb5 41. Rd1 Qc6 42. Kh2 Rc4 43. Ra1 Kf8 44. Qe2 Qxe4 45. Qxe4 Rxe4 46. Rxa6 Rxb4 47. Rxd6 h5 48. Rd8+ Kf7 49. Rd7+ Kg8 50. Kg3 h4+ 51. Kh2 Rf4 52. g4 hxg3+ 53. Kxg3 Rxf5 54. h4 Rf4 55. Ra7 Kh7 56. Rb7 Kh6 57. Ra7 g6 58. Rb7 g5 59. hxg5+ Kxg5 60. Rb5 Rc4 61. Rb3 e4 62. Ra3 f5 63. Kh3 Kf4 64. Kg2 Rc2+ 0-1

[Event "Ambelokipi op 86th"]
[Site "Athens"]
[Date "2008.04.07"]
[Round "1"]
[White "Megaloudis, Petros"]
[Black "Sandalakis, Angelos"]
[Result "0-1"]
[WhiteElo "1811"]
[BlackElo "2346"]
[PlyCount "104"]
[EventDate "2008.04.07"]
[EventType "swiss"]
[EventRounds "7"]
[EventCountry "GRE"]
[SourceTitle "EXT 2010"]
[Source "ChessBase"]
[SourceDate "2010.11.25"]
[SourceVersion "1"]
[SourceVersionDate "2010.11.25"]
[SourceQuality "1"]

1. e4 c5 2. Nf3 e6 3. c3 Nf6 4. e5 Nd5 5. d3 Nc6 6. a3 d6 7. c4 Nb6 8. exd6 Bxd6 9. Be2 0-0 10. Nc3 Nd7 11. 0-0 Nde5 12. Be3 Nxf3+ 13. Bxf3 Ne5 14. Be2 f5 15. Qd2 Nc6 16. Bg5 Qd7 17. f4 Nd4 18. Rae1 a6 19. Bd1 b5 20. cxb5 axb5 21. Ne2 Bc7 22. Qc3 Ba5 23. b4 Nxe2+ 24. Rxe2 cxb4 25. axb4 Bb6+ 26. Kh1 Bd4 27. Qb3 Ra6 28. Ra2 Rc6 29. Rc2 Rxc2 30. Qxc2 Bb7 31. Bf3 Rc8 32. Qb1 Bxf3 33. Rxf3 Ra8 34. Rf1 Ra1 35. Qxa1 Bxa1 36. Rxa1 Qd4 37. Ra8+ Kf7 38. h4 h6 39. Bd8 Qxb4 40. h5 Qc5 41. Kh2 Qf2 42. Rc8 Qxf4+ 43. g3 Qf2+ 44. Kh3 Qf1+ 45. Kh2 Qe2+ 46. Kg1 Qxh5 47. Rc7+ Kg6 48. Rd7 Qe2 49. Be7 Kh5 50. Bc5 Qd1+ 51. Kg2 Qc2+ 52. Bf2 Qc6+ 0-1

[Event "Ambelokipi op 83rd"]
[Site "Athens"]
[Date "2007.12.18"]
[Round "6"]
[White "Megaloudis, Petros"]
[Black "Kosmas Lekkas, Dimitrios"]
[Result "0-1"]
[WhiteElo "1842"]
[BlackElo "1998"]
[PlyCount "88"]
[EventDate "2007.12.01"]
[EventType "swiss"]
[EventRounds "7"]
[EventCountry "GRE"]
[SourceTitle "EXT 2024"]
[Source "ChessBase"]
[SourceDate "2023.10.10"]
[SourceVersion "1"]
[SourceVersionDate "2023.10.10"]
[SourceQuality "1"]

1. e4 c5 2. Nf3 e6 3. c4 Nc6 4. Nc3 d6 5. d3 Nf6 6. Be2 Be7 7. Bg5 0-0 8. 0-0 a6 9. Qd2 h6 10. Be3 Ng4 11. Bf4 Nge5 12. Nxe5 dxe5 13. Be3 Bg5 14. Bxg5 hxg5 15. Qe3 Nd4 16. Bd1 Qe7 17. Ne2 Rd8 18. Nxd4 Rxd4 19. Bc2 b5 20. b3 Bd7 21. Rfe1 g6 22. Qg3 Qf6 23. Re3 Qf4 24. Rae1 Rb8 25. f3 b4 26. Qf2 a5 27. g3 Qf6 28. Rf1 Kg7 29. Qe1 Ra8 30. Qa1 a4 31. Qb2 Qd8 32. Ra1 f6 33. Ree1 Rd6 34. f4 gxf4 35. gxf4 exf4 36. Kf2 e5 37. Rg1 Qh8 38. Rg2 Qh3 39. Rag1 Qe3+ 40. Kf1 Bh3 41. Bb1 f3 42. Qf2 Bxg2+ 43. Rxg2 Qc1+ 44. Qe1 fxg2+ 0-1

[Event "Ambelokipi op 79th"]
[Site "Athens"]
[Date "2007.06.20"]
[Round "2"]
[White "Megaloudis, Petros"]
[Black "Skalkotas, Nikolaos"]
[Result "0-1"]
[WhiteElo "1886"]
[BlackElo "2288"]
[PlyCount "100"]
[EventDate "2007.06.18"]
[EventType "swiss"]
[EventRounds "7"]
[EventCountry "GRE"]
[SourceTitle "EXT 2008"]
[Source "ChessBase"]
[SourceDate "2007.11.25"]
[SourceVersion "1"]
[SourceVersionDate "2007.11.25"]
[SourceQuality "1"]

1. d4 e6 2. e4 d5 3. e5 c5 4. c3 Bd7 5. Nf3 Qb6 6. b3 cxd4 7. cxd4 Bb4+ 8. Bd2 Nc6 9. Bxb4 Qxb4+ 10. Qd2 Rc8 11. Qxb4 Nxb4 12. Na3 Ne7 13. Be2 0-0 14. 0-0 a6 15. Rfd1 Rc3 16. Nb1 Rxf3 17. gxf3 Nc2 18. Nd2 Nxa1 19. Rxa1 Nf5 20. Rc1 Rc8 21. Rxc8+ Bxc8 22. Kf1 Nxd4 23. Bd3 g5 24. Kg2 Nc6 25. Kg3 Nxe5 26. Be2 Ng6 27. Bf1 e5 28. h3 h5 29. a4 h4+ 30. Kh2 Bf5 31. b4 Bc2 32. b5 a5 33. b6 Bxa4 34. Bd3 Ne7 35. Nb1 Nc8 36. Nc3 Nxb6 37. Kg2 Bd7 38. Nb1 Kf8 39. Na3 Ke7 40. Bb5 Bxb5 41. Nxb5 a4 42. Nc3 d4 43. Na2 Nd5 44. Kf1 b5 45. Ke1 b4 46. Nc1 b3 47. Kd2 Nb4 48. Nxb3 axb3 49. f4 b2 50. fxe5 b1Q 0-1

[Event "Ambelokipi op 78th"]
[Site "Athens"]
[Date "2007.06.02"]
[Round "7"]
[White "Daifas, Ioannis"]
[Black "Megaloudis, Petros"]
[Result "0-1"]
[WhiteElo "2008"]
[BlackElo "1886"]
[PlyCount "97"]
[EventDate "2007.05.12"]
[EventType "swiss"]
[EventRounds "7"]
[EventCountry "GRE"]
[SourceTitle "EXT 2008"]
[Source "ChessBase"]
[SourceDate "2007.11.25"]
[SourceVersion "1"]
[SourceVersionDate "2007.11.25"]
[SourceQuality "1"]

1. e4 c5 2. Nc3 a6 3. Nf3 Nc6 4. d4 cxd4 5. Nxd4 e6 6. Be3 Bb4 7. Bd3 Qa5 8. Nde2 Nf6 9. 0-0 Ng4 10. Bf4 Bc5 11. h3 Nge5 12. a3 Qd8 13. Qd2 b5 14. b4 Be7 15. Be3 Bb7 16. f4 Nxd3 17. cxd3 0-0 18. d4 d5 19. e5 f5 20. Rab1 Qd7 21. Nc1 Na7 22. Nd3 Nc8 23. Nd1 Nb6 24. N1b2 Nc4 25. Nxc4 dxc4 26. Nc5 Bxc5 27. bxc5 Qd5 28. Rb2 Bc6 29. Qc3 a5 30. Rc1 a4 31. Rf1 g6 32. Rf3 Kf7 33. Bf2 h6 34. Bh4 Rg8 35. Qe3 Ra7 36. Bf2 g5 37. fxg5 hxg5 38. Be1 Ke8 39. Bc3 Rag7 40. Rbf2 f4 41. Qe2 Qe4 42. Qd2 Qd5 43. Qe2 Rh7 44. Rf1 Rgh8 45. R3f2 Rxh3 46. Rf3 Rh2 47. Qc2 Qe4 48. Qxe4 Bxe4 49. R3f2 0-1

[Event "Ambelokipi op 78th"]
[Site "Athens"]
[Date "2007.05.16"]
[Round "2"]
[White "Megaloudis, Petros"]
[Black "Kesoglou, Konstantinos"]
[Result "0-1"]
[WhiteElo "1886"]
[BlackElo "2057"]
[PlyCount "100"]
[EventDate "2007.05.12"]
[EventType "swiss"]
[EventRounds "7"]
[EventCountry "GRE"]
[SourceTitle "EXT 2008"]
[Source "ChessBase"]
[SourceDate "2007.11.25"]
[SourceVersion "1"]
[SourceVersionDate "2007.11.25"]
[SourceQuality "1"]

1. Nc3 d5 2. d4 e6 3. a3 Nf6 4. Bg5 Be7 5. e3 h6 6. Bxf6 Bxf6 7. Nf3 0-0 8. Bd3 Nd7 9. 0-0 c5 10. Be2 b6 11. Rb1 Qc7 12. Re1 a6 13. Bf1 Bb7 14. e4 cxd4 15. Nxd4 e5 16. Nf5 d4 17. Nd5 Bxd5 18. exd5 Kh7 19. d6 Qd8 20. Bd3 g6 21. Ng3 Nc5 22. Bc4 Bg7 23. b4 Na4 24. Rb3 Nc3 25. Qd2 b5 26. Bf1 f5 27. f3 Rc8 28. Ne2 Nxe2+ 29. Bxe2 Qxd6 30. c3 Qe6 31. Reb1 Rfd8 32. cxd4 Rxd4 33. Rd3 Rcd8 34. Rxd4 Rxd4 35. Qc2 e4 36. Kf1 Qd6 37. g3 h5 38. Rd1 Qd5 39. Rxd4 Qxd4 40. fxe4 fxe4 41. Kg2 Qe3 42. Kh3 Kh6 43. Bd1 Qd4 44. Be2 Qe3 45. a4 bxa4 46. Bxa6 a3 47. Bc4 g5 48. Be2 Qf2 49. Qxe4 g4+ 50. Bxg4 Qf1+ 0-1

[Event "Ambelokipi op 77th"]
[Site "Athens"]
[Date "2007.04.25"]
[Round "4"]
[White "Poteas, Ioannis"]
[Black "Megaloudis, Petros"]
[Result "0-1"]
[WhiteElo "2160"]
[BlackElo "1886"]
[PlyCount "110"]
[EventDate "2007.04.14"]
[EventType "swiss"]
[EventRounds "7"]
[EventCountry "GRE"]
[SourceTitle "EXT 2008"]
[Source "ChessBase"]
[SourceDate "2007.11.25"]
[SourceVersion "1"]
[SourceVersionDate "2007.11.25"]
[SourceQuality "1"]

1. d4 d5 2. Nf3 Nf6 3. c4 e6 4. e3 c6 5. Nc3 Bb4 6. Bd2 Nbd7 7. Bd3 b6 8. a3 Bd6 9. e4 dxe4 10. Nxe4 Nxe4 11. Bxe4 Bb7 12. 0-0 Qc7 13. Qe2 Nf6 14. Bc2 0-0 15. Bg5 Ne8 16. Qe4 g6 17. Bh6 Ng7 18. Qh4 f6 19. Rfe1 Rae8 20. c5 bxc5 21. dxc5 Bxc5 22. Qc4 Qb6 23. Qh4 Rf7 24. b4 Bf8 25. Nd4 c5 26. bxc5 Bxc5 27. Rab1 Qd6 28. Nb5 Qd8 29. Red1 Bd5 30. Nc3 Qa8 31. Qh3 Rb7 32. Rxb7 Qxb7 33. Bxg7 Kxg7 34. Rb1 Qc7 35. Ba4 Re7 36. Qd3 Qf4 37. Qf1 Bc4 38. Qe1 Bd3 39. Rd1 Bf5 40. h3 h5 41. Bc6 a5 42. Qe2 Bxa3 43. Bf3 h4 44. Qb5 Qb4 45. Qc6 Qc5 46. Rd7 Qxc6 47. Rxe7+ Bxe7 48. Bxc6 Bc2 49. g3 hxg3 50. fxg3 Bb4 51. Na4 f5 52. Kg2 e5 53. Kf3 Kf6 54. h4 e4+ 55. Ke3 Be1 0-1

[Event "Athens Siaperas Memorial 2nd"]
[Site "Athens"]
[Date "2006.02.22"]
[Round "2"]
[White "Megaloudis, Petros"]
[Black "Karahisaridis, Vasilios"]
[Result "1/2-1/2"]
[WhiteElo "1892"]
[BlackElo "2060"]
[PlyCount "99"]
[EventDate "2006.02.18"]
[EventType "swiss"]
[EventRounds "5"]
[EventCountry "GRE"]
[SourceTitle "EXT 2024"]
[Source "ChessBase"]
[SourceDate "2023.10.10"]
[SourceVersion "1"]
[SourceVersionDate "2023.10.10"]
[SourceQuality "1"]

1. Nc3 e5 2. e4 Nf6 3. Bc4 Be7 4. d3 0-0 5. Bg5 d6 6. Bxf6 Bxf6 7. Nd5 Nd7 8. Nf3 c6 9. Ne3 b5 10. Bb3 Nb6 11. c3 Be6 12. 0-0 Qd7 13. Qc2 Rfe8 14. Rfe1 Rad8 15. Rad1 Qc7 16. d4 Bxb3 17. axb3 exd4 18. cxd4 g6 19. d5 c5 20. Ng4 Bg7 21. Kf1 Qd7 22. h3 h5 23. Ngh2 a5 24. Ng5 a4 25. bxa4 Nxa4 26. b3 Nc3 27. Rd3 b4 28. Kg1 Ra8 29. Rf3 Re7 30. Rxc3 Bxc3 31. Rd1 Qd8 32. Nhf3 Rea7 33. Qd3 Ra1 34. Kh2 Rxd1 35. Qxd1 Ra2 36. Qf1 Rb2 37. g3 Rxb3 38. h4 Rb2 39. Kg2 Qa5 40. e5 dxe5 41. d6 Bd4 42. Nxd4 exd4 43. Qc1 Qa2 44. Qxb2 Qxb2 45. d7 Qa2 46. d8Q+ Kg7 47. Qd7 Qc4 48. Qd6 d3 49. Qe5+ Kg8 50. Qb8+ 1/2-1/2

[Event "Ambelokipi op 55th"]
[Site "Athens"]
[Date "2004.??.??"]
[Round "1"]
[White "Tassopoulos, Marios"]
[Black "Megaloudis, Petros"]
[Result "1-0"]
[WhiteElo "2230"]
[BlackElo "1945"]
[PlyCount "120"]
[EventDate "2004.10.18"]
[EventType "swiss"]
[EventRounds "9"]
[EventCountry "GRE"]
[SourceTitle "EXT 2007"]
[Source "ChessBase"]
[SourceDate "2006.11.23"]
[SourceVersion "1"]
[SourceVersionDate "2006.11.23"]
[SourceQuality "1"]

1. e4 c5 2. Nf3 Nc6 3. c3 e5 4. Bc4 h6 5. 0-0 Nf6 6. d4 cxd4 7. cxd4 d6 8. dxe5 dxe5 9. Qxd8+ Kxd8 10. Nc3 a6 11. Bxf7 Bc5 12. Bd5 Re8 13. h3 Bd7 14. a3 Nxd5 15. Nxd5 Nd4 16. Nxd4 exd4 17. b4 Ba7 18. f3 Be6 19. Nf4 Bb3 20. Kh1 g5 21. Nd3 Bc2 22. Ne1 Rc8 23. Bb2 Bb3 24. Rf2 Ke7 25. Rd2 Red8 26. Rc1 Rxc1 27. Bxc1 Bc4 28. Nd3 Bxd3 29. Rxd3 Ke6 30. h4 Rg8 31. hxg5 hxg5 32. f4 gxf4 33. Bxf4 Rc8 34. Kg1 Rc3 35. Rxc3 dxc3+ 36. Kf1 c2 37. Ke2 Bb8 38. Bc1 b6 39. Kd3 Ke5 40. g3 Ke6 41. g4 Ke5 42. g5 Bd6 43. Bb2+ Kf4 44. g6 Bf8 45. Kxc2 Kxe4 46. g7 Bxg7 47. Bxg7 Kd5 48. Kd3 a5 49. Bd4 axb4 50. axb4 b5 51. Bb2 Kd6 52. Kd4 Kc6 53. Ke5 Kc7 54. Kd5 Kb7 55. Kc5 Ka6 56. Kc6 Ka7 57. Kxb5 Kb7 58. Ba1 Ka7 59. Kc6 Kb8 60. b5 Kc8 1-0